| 000 | 01272nam a22003497a 4500 | ||
|---|---|---|---|
| 003 | CHAP | ||
| 005 | 20220329140920.0 | ||
| 008 | 971013s1996 r 00010 d | ||
| 010 | _a59741 | ||
| 011 | _a60713 | ||
| 035 | _a64875 | ||
| 040 | _cCHAP | ||
| 090 | _aTesis | ||
| 100 | 0 | 0 |
_aPimentel Cabrera, Guillermo. _988090 |
| 245 |
_aPlaneación regional _b: generación de un patrón óptimo de cultivos en el DDR 090 de La Piedad, Michoacán |
||
| 260 |
_aChapingo, Méx. : _bEl autor, _c1996 |
||
| 300 | _a89 h. | ||
| 502 | _aTesis (Ing. Agr. Esp. en Economía Agrícola) -- UACH. Departamento de Economía Agrícola | ||
| 590 |
_aALEPH _b10 _c20130110 _lUCH01 _h1338 |
||
| 590 |
_aBATCH-UPD _b10 _c20130110 _lUCH01 _h0410 |
||
| 590 |
_aBATCH-UPD _b10 _c20130410 _lUCH01 _h0045 |
||
| 590 |
_aBATCH-UPD _b10 _c20130914 _lUCH01 _h1120 |
||
| 590 |
_aCONVERSION _b10 _c20130109 _lUCH01 _h1332 |
||
| 650 | 1 | 4 |
_aCultivos _xRendimiento. _930318 |
| 650 | 1 | 4 |
_aDistrito de Desarrollo Rural La Piedad, Mich. _932797 |
| 650 | 1 | 4 |
_aPlaneación regional _xMichoacán. _988713 |
| 650 | 1 | 4 |
_aPolítica agrícola _xMichoacán. _990336 |
| 901 | _aBK | ||
| 942 | _cFOLL | ||
| 949 |
_bBC _cTES _d-142915 _eTS1 _h28765 _i64875 _si |
||
| 949 |
_bBC _cTES _d33724000078861 _eTS2 _fc.2 _h28766 _i64875 _si |
||
| 999 |
_c59741 _d59741 |
||